000 00905cam a22003017a 4500
003 CHAP
005 20220817043142.0
008 971013s1985 it r 00010 spa d
010 _a66902
011 _a67874
035 _a77346
040 _cCHAP
090 _aFolleto 10762
110 2 _aFAO
245 1 0 _aBibliografía sobre especies de agua dulce de América Latina y el Caribe
260 _aRoma :
_bFAO,
_c1985
300 _a64 p.
490 0 _aCOPESCAAL. Documento ocasional
_v; 2
590 _aBATCH-UPD
_b10
_c20130110
_lUCH01
_h0635
590 _aBATCH-UPD
_b10
_c20130410
_lUCH01
_h0318
590 _aCONVERSION
_b10
_c20130109
_lUCH01
_h1337
650 1 4 _aAcuicultura
_xBibliografia.
_9762
700 0 _aSaborio Coze, Agnes.
_9101114
830 0 0 _aCOPESCAAL. Documento ocasional
_v; 2
_927876
901 _aBK
942 _cFOLL
949 _aFolleto 10762
_bBC
_cFAO
_d-30214
_eFAO1
_i77346
_si
999 _c66902
_d66902